Educación militar y cultura (Registro nro. 30997)
[ vista simple ]
| 000 -CABECERA | |
|---|---|
| Longitud fija campo de control | 00986nai a22001937a 4500 |
| 003 - IDENTIFICADOR DELl NÚMERO DE CONTROL | |
| Identificador del número de control | OSt |
| 005 - FECHA Y HORA DE LA ÚLTIMA TRANSACCIÓN | |
| Fecha y hora de la última transacción | 20191015164447.0 |
| 008 - CÓDIGOS DE INFORMACIÓN DE LONGITUD FIJA | |
| Códigos de información de longitud fija | 160902b xxu||||| |||| 00| 0 eng d |
| 040 ## - FUENTE DE LA CATALOGACIÓN | |
| Centro catalogador de origen | BMC |
| Centro transcriptor | BMC |
| 082 ## - NÚMERO DE LA CLASIFICACIÓN DECIMAL DEWEY | |
| Númeroo de clasificación | 343.07197284 |
| 245 00 - MENCIÓN DE TÍTULO | |
| Título | Educación militar y cultura |
| Resto del título | : Comando de doctrina y educación militar |
| Mención de responsabilidad, etc. | [Romeo Armando Sánchez Zelaya], director general |
| Nombre de parte o sección de la obra | diciembre |
| 260 ## - PUBLICACIÓN, DISTRIBUCIÓN, ETC. (PIE DE IMPRENTA) | |
| Lugar de publicación, distribución, etc. | San Salvador (El Salvador) |
| Nombre del editor, distribuidor, etc. | Comando de Doctrina y Educación Militar |
| Fecha de publicación, distribución, etc. | 2014 |
| 300 ## - DESCRIPCIÓN FÍSICA | |
| Extensión | 59 p. |
| Otras características físicas | il. |
| Dimensiones | 28 cm |
| 490 ## - MENCIÓN DE SERIE | |
| Mención de serie | Educación militar y cultura |
| Designación de volumen o secuencia | 4 |
| 505 ## - NOTA DE CONTENIDO CON FORMATO | |
| Nota de contenido con formato | Contiene: La Isla conejo es salvadoreña.- La forma correcta de correr.- La donación de sangre un signo visible por la vida.- Los efectos del cambio climático en El Salvador.- Las pandillas como amenaza a la seguridad nacional.- Gotas de urbanidad y cortesía.- |
| 650 24 - PUNTO DE ACCESO ADICIONAL DE MATERIA - TÉRMINO DE MATERIA | |
| 9 (RLIN) | 21651 |
| Término de materia o nombre geográfico como elemento inicial | Fuerzas armadas |
| Subdivisión geográfica | El Salvador |
| Subdivisión de materia general | Historia |
| 700 1# - PUNTO DE ACCESO ADICIONAL - NOMBRE DE PERSONA | |
| 9 (RLIN) | 44161 |
| Nombre de persona | Sánchez Zelaya, Romeo Armando |
| Títulos y otros términos asociados al nombre | Cnel. Inf. DEM. |
| 942 ## - ENTRADA DE ELEMENTOS AGREGADOS (KOHA) | |
| Fuente de clasificaión o esquema | Dewey Decimal Classification |
| Koha [por defecto] tipo de item | 2- Prensa y Revistas |
| Parte de clasificación | prozim |
| Suprimido | Perdido | Fuente de clasificación o esquema | Estropeado | Restricciones de uso | No para préstamo | Código de colección | Localización permanente | Localización actual | Localización en estanter&íacute;as | Fecha adquisición | Fuente de adquisición | Número de inventario | Préstamos totales | Signatura completa | Código de barras | Fecha última consulta | Fecha del precio de reemplazo | Tipo de item de Koha |
|---|---|---|---|---|---|---|---|---|---|---|---|---|---|---|---|---|---|---|
| NULL | NULL | Dewey Decimal Classification | NULL | Prestable | NULL | NULL | Biblioteca Miguel de Cervantes - UNICAES | Biblioteca Miguel de Cervantes - UNICAES | Sala Principal | 12/09/2019 | Donación - Fuerza Armada de El Salvador | 000995 | RVAR - 000995 | 1046558 | 21/10/2019 | 21/10/2019 | 2- Prensa y Revistas |